2018 Top 10 NBA Shooting Guards - Statistics

General Stats
  • This quiz has been taken 44 times
    30 since last reset
  • The average score is 6 of 10
Answer Stats
Rank Player % Correct
1 James Harden
96%
4 Klay Thompson
96%
5 Bradley Beal
70%
7 CJ McCollum
70%
2 DeMar DeRozan
70%
3 Victor Oladipo
52%
9 Donovan Mitchell
44%
6 Devin Booker
41%
10 Jrue Holiday
26%
8 Khris Middleton
26%
No matching quizzes found
Score Distribution
Percent of People with Each Score
Percentile by Number Answered
Your Score History
You have not taken this quiz since the last reset